Capital do Estado Brasileiro#2 - Statistics

Estatísticas Gerais
  • Esse quiz foi jogado 96 vezes
  • A pontuação média é 6 de 7
Estatísticas das Respostas
Estado Capital % Correto
São Paulo São Paulo
99%
Bahia Salvador
96%
Paraná Curitiba
93%
Pará Belém
86%
Alagoas Maceió
85%
Mato Grosso do Sul Campo Grande
83%
Rondônia Porto Velho
83%
Nenhum quiz correspondente encontrado
Distribuição das Pontuações
Porcentagem de Pessoas com Cada Pontuação
Percentil de Números Respondidos
Sua Pontuação Histórica
Você não jogou esse quiz